00832nas a2200241 4500001001300000003000900013005001700022007000300039008003400042040005400076041000900130072001300139100002200152100001800174100002500192245013100217650001800348650002500366650002600391650001700417773010200434856005400536BR2014000971BR-BrBNA20231205123719.0ta230509b bl.|||p| |||| 00| 00por d aBR-BrBNAbporcBiblioteca Nacional de Agricultura a(Pt) aF04; Q701 aCó Júnior, C.1 aMarques, M.O.1 aTasso Júnior, L.C.1 aEfeito residual de quatro aplicações anuais de lodo de esgoto e vinhaça na qualidade tecnológica da cana-de-açúcar aLODO RESIDUAL aRESÍDUO INDUSTRIAL aSACCHARUM OFFICINARUM aADUBAÇÃO0 tEngenharia Agrícola (Brazil)xISSN 0100-6916g(Jan-Mar 2008), v. 28(1) p. 196-203wBR201400097140uhttp://www.scielo.br/pdf/eagri/v28n1/a20v28n1.pdf